[Event "FRA-ch U12 Girls"]
[Site "Le Grand Bornand"]
[Date "2007.04.??"]
[Round "1"]
[White "Guinard, Charline"]
[Black "Rigolot, Lucie"]
[Result "0-1"]
[WhiteElo "1350"]
[BlackElo "1654"]
[PlyCount "74"]
[EventDate "2007.04.07"]
[EventType "swiss"]
[EventRounds "9"]
[EventCountry "FRA"]
[SourceTitle "CBM 118 Extra"]
[Source "ChessBase"]
[SourceDate "2007.07.04"]
[SourceVersion "1"]
[SourceVersionDate "2007.07.04"]
[SourceQuality "1"]

1. e4 c5 2. Nc3 Nc6 3. Bc4 d6 4. d3 Nf6 5. h3 a6 6. a4 Bd7 7. Nf3 e6 8. Be3 Be7 9. Qd2 Qc7 10. d4 Na5 11. b3 Rd8 12. Be2 c4 13. Rb1 cxb3 14. cxb3 Rc8 15. Na2 Nxe4 16. Qd3 d5 17. 0-0 Qc2 18. Qxc2 Rxc2 19. Nc1 Rc8 20. Ne5 Nc3 21. Rb2 Nxe2+ 22. Nxe2 Nc6 23. Nxd7 Kxd7 24. f4 g6 25. g4 h5 26. f5 hxg4 27. hxg4 gxf5 28. gxf5 Rcg8+ 29. Kf2 Bb4 30. Bd2 Bxd2 31. Rxd2 Rh2+ 32. Ke1 Rgg2 33. fxe6+ fxe6 34. Rg1 Rxg1+ 35. Nxg1 Rxd2 36. Kxd2 Nxd4 37. Kc3 e5 0-1

[Event "FRA-chT U20 0304"]
[Site "France"]
[Date "2004.??.??"]
[Round "5"]
[White "Aflalo, Sophie"]
[Black "Guinard, Charline"]
[Result "1-0"]
[WhiteElo "1490"]
[BlackElo "1060"]
[PlyCount "61"]
[EventDate "2003.11.??"]
[EventType "team-tourn"]
[EventRounds "11"]
[EventCountry "FRA"]
[SourceTitle "EXT 2005"]
[Source "ChessBase"]
[SourceDate "2004.11.15"]
[SourceVersion "1"]
[SourceVersionDate "2004.11.15"]
[SourceQuality "1"]
[WhiteTeam "AECE"]
[BlackTeam "Guingamp"]
[WhiteTeamCountry "FRA"]
[BlackTeamCountry "FRA"]

1. e4 e6 2. d4 Nf6 3. Nc3 Nc6 4. Nf3 Bb4 5. Bd3 h6 6. Be3 d5 7. exd5 exd5 8. 0-0 0-0 9. a3 Ba5 10. b4 Bb6 11. Na4 Re8 12. Rc1 Ng4 13. Qd2 Qf6 14. Be2 Bf5 15. c4 Re6 16. cxd5 Re4 17. dxc6 bxc6 18. Nc5 Bxc5 19. Rxc5 Rae8 20. Bd3 Nxe3 21. fxe3 Rxe3 22. Rxf5 Qd6 23. Bc4 Re2 24. Bxe2 Qe6 25. Re5 Qc8 26. Nh4 g5 27. Nf5 Re6 28. Bc4 Rxe5 29. dxe5 a6 30. Ne7+ Kg7 31. Nxc8 1-0

[Event "FRA-chT U20 0304"]
[Site "France"]
[Date "2003.11.23"]
[Round "3"]
[White "Hallope, Arnaud"]
[Black "Guinard, Charline"]
[Result "1-0"]
[WhiteElo "1350"]
[BlackElo "1060"]
[PlyCount "109"]
[EventDate "2003.11.??"]
[EventType "team-tourn"]
[EventRounds "11"]
[EventCountry "FRA"]
[SourceTitle "EXT 2005"]
[Source "ChessBase"]
[SourceDate "2004.11.15"]
[SourceVersion "1"]
[SourceVersionDate "2004.11.15"]
[SourceQuality "1"]
[WhiteTeam "Sautron"]
[BlackTeam "Guingamp"]
[WhiteTeamCountry "FRA"]
[BlackTeamCountry "FRA"]

1. e4 e5 2. Nf3 Nc6 3. Nc3 Nf6 4. Bb5 a6 5. Bxc6 bxc6 6. Nxe5 Qe7 7. d4 Qb4 8. 0-0 Qb8 9. Rb1 Bb4 10. Bd2 d6 11. Nxc6 Qb6 12. Nxb4 Qxb4 13. Nd5 Nxd5 14. Bxb4 Nxb4 15. c3 Nxa2 16. Qa4+ Bd7 17. Qxa2 Bc6 18. d5 Bb5 19. Rfe1 0-0 20. e5 dxe5 21. Rxe5 Bd3 22. Rd1 Bc2 23. Rd2 Bg6 24. h3 h6 25. Qc4 Rfd8 26. Qxc7 Rac8 27. Qe7 Rf8 28. d6 f6 29. Re1 Rce8 30. Qc7 Rxe1+ 31. Kh2 Ree8 32. d7 Rd8 33. Qc4+ Bf7 34. Qxa6 Bg6 35. c4 Bf5 36. Qa7 Rf7 37. Qc7 Rdxd7 38. Rxd7 Bxd7 39. Qd6 Be8 40. c5 Bd7 41. c6 Bc8 42. c7 Rd7 43. Qe6+ Rf7 44. Qxc8+ Rf8 45. Qxf8+ Kxf8 46. c8Q+ Kf7 47. Qd7+ Kg6 48. b4 Kh7 49. b5 Kg6 50. b6 Kh7 51. b7 Kg6 52. b8Q Kh7 53. Qf5+ g6 54. Qc7+ Kg8 55. Qfc8# 1-0